000 01063nas a2200337 4500
001 BR0205953
003 BR-BrBNA
005 20231205103429.0
007 ta
008 230509b bl.|||p| |||| 00| 00por d
040 _aBR-BrBNA
_bpor
_cBiblioteca Nacional de Agricultura
041 _a(Pt)
072 _aM12; L51
100 1 _aBaccarin, A.E.
100 1 _aPezzato, L.E.
100 1 _aUrbinati, E.C.
245 1 _aEfeito da alimentação com levedura desidratada de álcool na glicemia e nos níveis de glicogênio e lipídios totais hepáticos da tilápia do Nilo (Oreochromis niloticus)
650 _aTILÁPIA NILÓTICA
650 _aPEIXE DE ÁGUA DOCE
650 _aALEVINO
650 _aPESO
650 _aFERMENTO
650 _aDIETA
650 _aSUPLEMENTO VITAMÍNICO
650 _aTEMPERATURA
650 _aÁGUA
650 _aMETABOLISMO ANIMAL
773 0 _tBoletim do Instituto de Pesca (Brazil)
_xISSN 0046-9939
_g(2000), v. 26(2) p. 163-167
_wBR0205953
909 _a202311
_bLúcia
_c55
_dLúcia Elande
942 _2AGRIS
_n0
_cANA
999 _c172816
_d172816